000
00293nam a22001337a 4500
008
170208b xxu||||| |||| 00| 0 eng d
020
_a
9781582558400
041
_a
eng
080
_a
61
100
_a
4
101
_a
SHM
245
_a
PREVENTING MEDICAL EMERGENCY
_c
GURENLIAN
942
_2
udc
_c
BK
999
_c
4904
_d
4904